| 000 | 00546nam a22001937a 4500 | ||
|---|---|---|---|
| 005 | 20180508150334.0 | ||
| 008 | 180508b xxu||||| |||| 00| 0 eng d | ||
| 020 |
_a9780143427803 _c₹ 599.00 |
||
| 040 | _aLoreto College | ||
| 041 | _aEnglish | ||
| 082 |
_a791.4 _bBAN |
||
| 100 | _aBandyopadhyay, Sibaji | ||
| 245 |
_aVyasa _bThe beginning _cStory Sibaji Bandyopadhyay and art by Sankha Banerjee |
||
| 260 |
_aGugaon _bPenguin Books _c2017 |
||
| 300 |
_a231 p. _b24 cm. |
||
| 700 |
_4ill. _aBanerjee, Sankha |
||
| 850 | _aLCLIB | ||
| 942 | _cBK | ||
| 999 |
_c41547 _d92026 |
||